Catálogo
 En Linea

Escrito al margen : (Registro nro. 39119)

Detalles MARC
000 -CABECERA
campo de control de longitud fija 00633nam a2200169 a 4500
001 - NÚMERO DE CONTROL
campo de control 000039629
005 - FECHA Y HORA DE LA ÚLTIMA TRANSACCIÓN
campo de control 20201002033641.0
008 - DATOS DE LONGITUD FIJA--INFORMACIÓN GENERAL
campo de control de longitud fija 130712s1988 sp 000 0 spa d
040 ## - FUENTE DE LA CATALOGACIÓN
Centro catalogador/agencia de origen DO-SdBNP
Lengua de catalogación spa
Centro/agencia transcriptor BNPHU
100 1# - ENTRADA PRINCIPAL--NOMBRE DE PERSONA
Nombre de persona Smith, Paul Julian
9 (RLIN) 65808
245 10 - MENCIÓN DE TÍTULO
Título Escrito al margen :
Resto del título literatura española del siglo de oro /
Mención de responsabilidad, etc. Paul Julian Samith ; traductor Cristina de la Torre.
260 ## - PUBLICACIÓN, DISTRIBUCIÓN, ETC.
Lugar de publicación, distribución, etc. Madrid :
Nombre del editor, distribuidor, etc. Nueva Biblioteca de Erudición y Crítica,
Fecha de publicación, distribución, etc. 1988.
300 ## - DESCRIPCIÓN FÍSICA
Extensión 254 p. ;
Dimensiones 25 cm.
500 ## - NOTA GENERAL
Nota general Incluye notas al pie de las páginas
504 ## - NOTA DE BIBLIOGRAFÍA, ETC.
Nota de bibliografía, etc. Bibliografía : p. 247-254
700 1# - PUNTO DE ACCESO ADICIONAL--NOMBRE DE PERSONA
Nombre de persona Torre, Cristina de la Torre,
Término indicativo de función/relación trad.
9 (RLIN) 65809
Existencias
Estado de retiro Estado de pérdida Restricciones de uso No para préstamo Código de colección Localización permanente Ubicación/localización actual Ubicación en estantería Fecha de adquisición Número de inventario Total de préstamos Signatura topográfica completa Código de barras Fecha visto por última vez Precio válido a partir de Tipo de ítem Koha
        Monografías: Libros y Folletos General General En catalogación 12.07.2013 LF1   39629-10 25.06.2020 25.06.2020 Préstamo en sala

Con tecnología Koha